Normal view
MARC view
Entry Personal Name
001 - CONTROL NUMBER
- control field: 14251
003 - CONTROL NUMBER IDENTIFIER
- control field: dpl
005 - DATE AND TIME OF LATEST TRANSACTION
- control field: 20100817112958.0
008 - FIXED-LENGTH DATA ELEMENTS
- fixed length control field: 100817|||a|||||| | ||| d
040 ## - CATALOGING SOURCE
- Original cataloging agency: dpl
- Transcribing agency: dpl
100 ## - HEADING--PERSONAL NAME
- Personal name: Datason, R.P.
670 ## - SOURCE DATA FOUND
- Source citation: Work cat.: (dpl)35460: New light's SCRA (Special Class Railway Apprentices) entrance exam guide /, 2010
670 ## - SOURCE DATA FOUND
- Source citation: Work cat.: (dpl)35460: New light's SCRA (Special Class Railway Apprentices) entrance exam guide /, 2010
